| Tag |
First Indicator |
Second Indicator |
Subfields |
| LEADER |
00000cam a22000004a 4500 |
| 001 |
in00003402684 |
| 005 |
20190405202635.0 |
| 006 |
m d |
| 007 |
cr |||||||nn|n |
| 008 |
120608s2012 nyu o d eng d |
| 010 |
|
|
|z 2012019757
|
| 020 |
|
|
|a 9780823246366
|
| 020 |
|
|
|z 9780823242993 (cloth : alk. paper)
|
| 020 |
|
|
|z 9780823243006 (pbk. : alk. paper)
|
| 020 |
|
|
|z 0823242994
|
| 035 |
|
|
|a (MdBmJHUP)muse9780823246366
|
| 040 |
|
|
|a MdBmJHUP
|c MdBmJHUP
|d UtOrBLW
|
| 043 |
|
|
|a e------
|
| 050 |
0 |
0 |
|a HX44.5
|b .N53 2012
|
| 082 |
0 |
0 |
|a 335.43094
|2 23
|
| 100 |
1 |
|
|a Nikolchina, Miglena.
|
| 245 |
1 |
0 |
|a Lost unicorns of the velvet revolutions :
|b heterotopias of the seminar /
|c Miglena Nikolchina.
|
| 250 |
|
|
|a 1st ed.
|
| 264 |
|
1 |
|a New York :
|b Fordham University Press,
|c [2012]
|
| 264 |
|
4 |
|c ©2012
|
| 300 |
|
|
|a 1 online resource (184 pages)
|
| 336 |
|
|
|a text
|b txt
|2 rdacontent
|
| 337 |
|
|
|a computer
|b c
|2 rdamedia
|
| 338 |
|
|
|a online resource
|b cr
|2 rdacarrier
|
| 504 |
|
|
|a Includes bibliographical references and index.
|
| 505 |
0 |
|
|a Ntroduction -- The seminar : mode demploi : impure spaces in the light of late totalitarianism -- The west as intellectual utopia -- Between irony and revolution : sexual difference and the case of Aufhebung -- An unfinished project : man as comedy -- Addendum : the discretions of inverted theory -- Notes -- Works cited -- Index.
|
| 588 |
|
|
|a Description based on print version record.
|
| 500 |
|
|
|a Electronic resource.
|
| 650 |
|
0 |
|a Communism and intellectuals.
|
| 650 |
|
0 |
|a Communism
|z Europe
|x History
|y 20th century.
|
| 655 |
|
7 |
|a Electronic books.
|2 local
|
| 856 |
4 |
0 |
|u http://proxy.library.tamu.edu/login?url=http://muse.jhu.edu/books/9780823246366/
|z Connect to the full text of this electronic book
|t 0
|
| 999 |
|
|
|a MARS
|
| 999 |
f |
f |
|s 5a9c9a75-d5fc-3200-a949-9d30c4d4a98c
|i 7874d822-5385-3f1d-8230-22f336c2e17d
|t 0
|
| 952 |
f |
f |
|a Texas A&M University
|b College Station
|c Electronic Resources
|d Available Online
|t 0
|e HX44.5 .N53 2012
|h Library of Congress classification
|
| 998 |
f |
f |
|a HX44.5 .N53 2012
|t 0
|l Available Online
|